| 000 | 02167nam a22003737a 4500 | ||
|---|---|---|---|
| 003 | dpl | ||
| 005 | 20100311153833.0 | ||
| 007 | DVD | ||
| 008 | 080917t xxu||||| |||| 00| 0 eng d | ||
| 010 | _aDVD-006386-6391 | ||
| 024 |
_2TSDVD-2416 _c49.00 |
||
| 035 | _aDVD-000687-688 | ||
| 035 | _aDVD-006386-6391 | ||
| 040 |
_aDPL _cDPL |
||
| 082 | _aDVD SARK | ||
| 245 |
_aSarkar Raj _cAdlabs Presents _h[Videorecording] DVD / |
||
| 260 |
_aNew Delhi _bSuper Cassettes Industries Ltd. |
||
| 300 |
_a1 Videodisc DVD; _bsd., col.; _c4 3/4 in. _fDVD |
||
| 440 | _aSuper Cassette Industries | ||
| 538 | _aDolby Digital 2.1; Subtitles, English, Tamil, Telgu; Regions, Universal | ||
| 650 | _a Motion Picture | ||
| 700 | _aVarma, Ramgopal | ||
| 700 | _aBachan, Amitabh | ||
| 700 | _aBachchan, Abhishek | ||
| 700 | _aRai, Aishwarya | ||
| 942 |
_2ddc _cCF _hDVD _mSARK |
||
| 999 |
_c34598 _d34598 |
||